| 000 | 01231ncm a2200361 a 4500 | ||
|---|---|---|---|
| 999 |
_c365315 _d365315 |
||
| 003 | BLK | ||
| 005 | 20241005005414.0 | ||
| 008 | 180414b bul |a|er|||| |0| c|bulo| | ||
| 010 | _aNOT00003832000 | ||
| 040 | _aBLK | ||
| 041 |
_aRUS _cRUS |
||
| 080 |
_aМузика за пиано _b786.2 _z786.2 |
||
| 080 |
_aДуо за две пиана _b785.72:786.2 |
||
| 139 |
_aШопен, Фредерик _bШ 84 |
||
| 245 | 1 | 0 |
_aРондо _bДля двух фортепьяно _cФредерик Шопен. |
| 254 | _aКлавир | ||
| 260 |
_bГос. муз. изд. _c1958 _aМосква _9211649 |
||
| 300 |
_a32 с. _c29 см |
||
| 380 | _a7 | ||
| 490 |
_9405129 _aПедагогический репертуар музыкального училища _gДля фортепьянного ансамбля |
||
| 650 | 4 |
_aПиано _9166247 |
|
| 653 | _aпиано | ||
| 653 | 7 |
_aрондо _9195748 |
|
| 653 | 7 |
_aдве пиана _9184635 |
|
| 700 |
_91311 _aСорокин, К. _eред. |
||
| 852 |
_aЦб М ІІ 929 _p0 |
||
| 856 | 4 |
_qpdf _u |
|
| 856 | 4 |
_qpdf _u |
|
| 942 |
_cNOT _n0 _s1 |
||
| 944 |
_aCR _c2020-05-29 _k _lCRON CRON |
||
| 999 | _d355524 | ||
| 999 | _d320904 | ||